000 00562nam a2200217K 4500
008
020 _a0862131162 (hbk.)
049 _aMAIN
090 _aREF T5
_bKEM
100 1 _aSharpe, C.
245 1 0 _aKempe's engineers yearbook
_nvol. 1 & 2.
250 _a96th ed.
260 _aLondon :
_bMorgan-Grampian,
_c1991.
300 _a2 v.
650 0 _aEngineering
_xPeriodicals.
907 _a.b10072755
_b28-05-13
_c17-04-03
003
005 20230120191424.0
040 _cNUST
942 _cBOOKS
_kREF T5
_mKEM
999 _c100850
_d100850